000 00490nam a2200181Ia 4500
005 20250923150236.0
008 008 250917s9999 xx 000 0 eng d
037 _aTextual
040 _aDSWL
_beng
_cDSWL
041 _aeng
_2eng
084 _qDSWL
100 _aPearson, Harlon O
_9843805
245 0 _aIslamic reform and revival in 19th century
_cby Harlon O Pearson
260 _aNew Delhi
_b Yoda
_c2008
300 _a565 p.
942 _cTEXL
999 _c1461191
_d1461191